Donna e capitale : Comte, Mill e Marx sulla condizione della donna /

Shranjeno v:
Bibliografske podrobnosti
Glavni avtor: Manieri, Maria Rosaria (Author)
Format: Knjiga
Jezik:italijanščina
Izdano: \Milano! : A. Mondadori, 1978
Serija:Oscar saggi
Teme:
Oznake: Označite
Brez oznak, prvi označite!

MARC

LEADER 00000nam a2200000 i 4500
001 IT\ICCU\IEI\0072080
003 ItRI
005 20260115232348.0
008 930429s1978 it |||||| ||||| |||||c
015 |2 IT  |a 802267 
040 |b ita  |c importazione bologna sebina 
041 7 |a ita  |2 ISO-639-2 
082 |a 301.412  |9 DONNA  |2 18 
100 1 |a Manieri, Maria Rosaria  |0 IT\ICCU\RAVV\029237  |4 aut 
245 1 0 |a Donna e capitale :  |b Comte, Mill e Marx sulla condizione della donna /  |c Rosaria Manieri. 
260 |a \Milano! :  |b A. Mondadori,  |c 1978 
300 |a 144 p. ;  |c 19 cm 
650 7 |a Mill, John Stuart  |x Concezione della donna  |2 scbi 
650 7 |a Marx, Karl <1818-1883>  |x Concezione della donna  |2 scbi 
650 7 |a Comte, Auguste  |x Concezione della donna  |2 scbi 
830 0 |a Oscar saggi  |0 IT\ICCU\CFI\0000434 
942 |2 ddc  |c BK  |n 0 
952 |0 0  |1 0  |4 0  |6 DOC_305_420000000000000_MAN  |7 0  |9 24832  |a BO  |b BO  |d 2026-01-15  |i 5740  |l 0  |o DOC 305.420 MAN  |p BO5740  |r 2026-01-15 23:23:48  |w 2026-01-15  |x [Sebina 5] [1 v.]  |y BK  |z 1 v. 
999 |c 21105  |d 21105